000 01346nam2a22002291 4500
001 rc\4201716
005 20250611012714.0
035 _a(NLR Aleph) 008008288
090 _a8683959
_c8683959
100 _a20130415d1954 |||y0rusy50 ca
101 0 _arus
102 _aRU
105 _ay z |||||
200 1 _aТехническое нормирование и заработная плата в социалистической промышленности
210 _d1954
_aБ. м.
461 0 _1001rc\4201702
_12001#$aЭкономика и организация производства$eЦикл [лекций]$eЛекция 1$fСовет науч. инж.-техн. о-в Молдав. ССР. Ин-т усовершенствования знаний специалистов нар. хозяйства$vЛекция № 14
_98683875
_cКишинев
_d1953
_fСовет науч. инж.-техн. о-в Молдав. ССР. Ин-т усовершенствования знаний специалистов нар. хозяйства
_nБ. и.
_oЦикл [лекций] : Лекция 1
_tЭкономика и организация производства
_vЛекция № 14
700 1 _aЗархин
_bМ.М.
801 0 _aRU
_bNLR
_gpsbo
801 1 _aRU
_bELAR
_2rusmarc
852 _aNLR
_jЭк30 Г-4/519
942 _cBOOK
980 _aNB